Größte Metropolen nach Fläche - Statistiken

Allgemein
  • Dieses Quiz wurde 123 mal gespielt
  • Das Durchschnittsergebnis liegt bei 4 aus 10
Antwortstatistiken
Hint Antwort % Korrekt
8.231 km² Tokio
91%
12.093 km² New York
88%
6.351 km² Los Angeles
82%
5.879 km² Moskau
62%
7.006 km² Chicago
39%
5.278 km² Dallas-Fort-Worth
23%
7.400 km² Atlanta
18%
5.501 km² Washington-Baltimore
17%
9.539 km² Boston-Providence
12%
5.429 km² Philadelphia
11%
Keine übereinstimmenden Quizze gefunden
Verteilung der Resultate
Anzahl Personen mit jedem Resultat
Perzentil nach korrekt beantworteten Fragen
Ihre Resultats-Entwicklung
Sie haben dieses Quiz noch nicht gespielt